01569 a2200145 4500020001800000082002000018100002100038245004900059260006500108300001000173504003500183520100800218650011901226650007801345 a9781316622810 a340.0285bASH-A aAshley, Kevin D  aArtificial Intelligence And Legal Analytics  aCambridge, United Kingdomb Cambridge University Pressc2017 a446p. aInclued Bibliography and Index aThe field of artificial intelligence (AI) and the law is on the cusp of a revolution that began with text analytic programs like IBM's Watson and Debater and the open-source information management architectures on which they are based. Today, new legal applications are beginning to appear and this book - designed to explain computational processes to non-programmers - describes how they will change the practice of law, specifically by connecting computational models of legal reasoning directly with legal text, generating arguments for and against particular outcomes, predicting outcomes and explaining these predictions with reasons that legal professionals will be able to evaluate for themselves. These legal applications will support conceptual legal information retrieval and allow cognitive computing, enabling a collaboration between humans and computers in which each does what it can do best. Anyone interested in how AI is changing the practice of law should read this illuminating work. aArtificial intelligencevEthnological InnovationsvElectronic discoveryvInformation Storage and Retrieval Systems aLaw and legislationvLegal ResearchvLaw--MethodologyvTechnology and law